| 000 | 00745nam a22002057a 4500 | ||
|---|---|---|---|
| 003 | NUST-PNEC | ||
| 005 | 20170116180933.0 | ||
| 008 | 140507b xxu||||| |||| 00| 0 eng d | ||
| 020 | _a0071126724 | ||
| 040 | _cLIBRARY | ||
| 082 | _a621.38 KEN | ||
| 100 |
_985 _aKennedy, George |
||
| 245 |
_aElectronic Communication Systems _cGeorge, Kennedy |
||
| 250 | _a4th ed. | ||
| 260 |
_bMcGraw-Hill _cc.1977 |
||
| 300 |
_axiv, 763 p. : _bill. : _c23 cm. |
||
| 500 | _aIncludes Index http://www.amazon.com/Electronic-Communication-Systems-Davis-Kennedy/dp/0071126724/ref=sr_1_fkmr2_2?s=books&ie=UTF8&qid=1399449365&sr=1-2-fkmr2&keywords=electronic+communication+systems+kennedy+4 | ||
| 650 |
_xEL _97874 _aElectronics engineering |
||
| 942 |
_2ddc _cBK |
||
| 999 |
_c65959 _d65959 |
||